000 00524ntaaa2200193 4500
003 01
005 20251027201338.0
008 0714s1973 ag 01
040 _aAR-BaBN
_bspa
_cAR-BaBN
_eaacr
_dRIC
082 _a223.2000 P27
100 _aPatersons, John
_911791
245 _aPraises of Israel
250 _a1 ed. :
_bCharles Scribner's Sons,
_cc1950
300 _a256 p.
500 _a"religious and literary studies in the Psalms"
650 _aBiblia-Antiguo Testamento-Salmos
650 _aSalmos
_91673
942 _cBK
999 _c7951
_d7951